| 000 | 00742nam a22002297a 4500 | ||
|---|---|---|---|
| 999 |
_c14483 _d14483 |
||
| 003 | AR-CdUCM | ||
| 008 | 190423b ||||| |||| 00| 0 spa d | ||
| 020 | _a978-84-16117-58-1 | ||
| 040 |
_aMUNICIPALIDAD PROVINCIAL DEL CUSCO _cBIBLIOTECA MUNICIPAL DEL CUSCO |
||
| 082 |
_aPI / 376.1 / _bE23 |
||
| 110 |
_aPicarona _933209 |
||
| 245 |
_aPinta y Colorea a Picarona : _bY a sus amigos los animales / |
||
| 260 |
_aBarcelona : _bEdiciones Obelisco, _c2015. |
||
| 300 |
_bilustraciones, graficos, dibujos, _c28cm. |
||
| 500 | _aTexto para pintar y colorear | ||
| 650 |
_aCuaderno de trabajo _911620 |
||
| 650 |
_aCuentos _9217 |
||
| 650 |
_aAnimales _9917 |
||
| 856 | _fwww.picarona.net | ||
| 942 |
_2ddc _cLIBROS |
||
| 945 |
_apjha _d2019-04-23 |
||